| 000 | 02484nam a2200313 4500 | ||
|---|---|---|---|
| 003 | EC-UNACH | ||
| 005 | 20251031132235.0 | ||
| 006 | s||||gr|||| 00| 00 | ||
| 008 | 150116t9999 mx r gr 000 0 spa d | ||
| 020 | _a978-9978-92-997-1 | ||
| 040 |
_aEC-UNACH _cEC-UNACH |
||
| 041 | _aspa | ||
| 082 | 0 | 4 |
_223 _a342 AVI _bL017887 |
| 110 | _aCorte Constitucional | ||
| 245 | _aCrítica y Derecho | ||
| 250 | _aPrimera edición | ||
| 264 |
_aQuito - Ecuador _bCentro de Estudios y Difusión del Derecho Constitucional _c2011 |
||
| 300 |
_a308 páginas _bTexto |
||
| 505 | _aCRÍTICA Y DERECHO 1. POLÍTICA, JUSTICIA Y CONSTITUCIÓN. Diálogo Interdisciplinario y crítica del derecho. La contra reforma invisible de la justicia, entre la alienación social y la necesaria transformación ideológica. -- Políticas constitucionales en Ecuador. -- El derecho, entre la tecnificación y la obra de arte (Heidegger y Arendt) . -- Justicia, periplos de un concepto. Análisis del artículo uno de la Constitución ecuatoriana de 2008. -- Cementerio de elefantes. -- Aspectos generales del nuevo constitucionalismo latinoamericano. -- Derechos y titulares. Del bien común al buen vivir. -- El referéndum, análisis comparativo de las legislaciones de España y Ecuador. -- Más o menos seguridad jurídica. -- La naturaleza como persona: Pachamama y Gaia. -- CRÍTICA Y DERECHO 2. EMANCIPACIÓN Y TRANSFORMACIÓN CONSTITUCIONAL. Diálogo interdisciplinario y crítica del derecho. -- Cultura y Derecho: el derecho humano a la cultura. -- La teoría general del derecho frente a la antropología política. -- Derechos humanos y democracia en Habermas. -- Pluralismo e interculturalidad. Constitucionalización de la movilidad humana y la(s) democracia(s) en clave intercultural. -- Ejercicio para la construcción de un sistema jurídico plurinacional. -- Constitucionalismo y pluralismo jurídico: balance de la aplicación de las reformas constitucionales relativas al Derecho indígena en el Ecuador. -- Democracia procedimental con enfoque intercultural: una asignatura pendiente para el Estado de derechos. | ||
| 650 | _aCULTURA Y DERECHO | ||
| 650 | _aANTROPOLOGÍA POLÍTICA | ||
| 650 | _aCONSTITUCIÓN ECUATORIANA | ||
| 700 | _aÁvila Linzán, Luis Fernando | ||
| 710 | _aTrujillo Vásquez, Julio César | ||
| 942 |
_2ddc _c1 |
||
| 999 | _c14136 | ||